000 00267nam a2200097Ia 4500
082 _a658.301 MANK
245 0 _aHuman resource development
100 _a Mankin, David, , 1955- New York, 2009
_979142
942 _cBK
008 210817s9999 xx 000 0 und d
999 _c392925
_d392924